Hlavní globální vývojové trendy ve světovém komerčním pojišťovnictví

Zmeny charakteru majetkových a zodpovednostných rizík. Demografický vývoj a komerčné poistenie. Integrácia finančných služieb a poistné trhy. Zmeny v regulačných pravidlách.

Saved in:
Bibliographic Details
Main Author: Daňhel, Jaroslav
Other Authors: Ducháčková, Eva, Radová, Katarína
Format: Book Chapter
Language:Czech
Subjects:
Tags: Add Tag
No Tags, Be the first to tag this record!

MARC

LEADER 00000naa$a2200000$$$4500
001 0080825
005 20231102113026.1
041 0 |a cze 
044 |a SK 
245 1 0 |a Hlavní globální vývojové trendy ve světovém komerčním pojišťovnictví  |c Jaroslav Daňhel, Eva Ducháčková, Katarína Radová 
520 |a Zmeny charakteru majetkových a zodpovednostných rizík. Demografický vývoj a komerčné poistenie. Integrácia finančných služieb a poistné trhy. Zmeny v regulačných pravidlách. 
610 2 0 |a poisťovníctvo 
610 2 0 |a služby finančné 
610 2 0 |a poisťovne komerčné 
610 2 0 |a riziko poistné 
610 2 0 |a vývoj populačný 
610 2 0 |a trh poistný 
100 1 |a Daňhel, Jaroslav 
700 1 |a Ducháčková, Eva 
700 1 |a Radová, Katarína